Educación reproductiva y paternidad responsable en el Istmo Centroamericano /

שמור ב:
מידע ביבליוגרפי
Autores Corporativos: Fondo de las Naciones Unidas para las Contribuciones Económicas para América Latina y el Caribe, UNFIP CEPAL
פורמט: Texto
יצא לאור: México, D.F: UNFIP. CEPAL. ONU
תגים: הוספת תג
אין תגיות, היה/י הראשונ/ה לתייג את הרשומה!

MARC

LEADER 00000 a a2200000 04500
001 28691
003
040
090 |a 183107  
110 |a Fondo de las Naciones Unidas para las Contribuciones Económicas para América Latina y el Caribe  
245 |a Educación reproductiva y paternidad responsable en el Istmo Centroamericano /  |c Fondo de las Naciones Unidas para las Contribuciones Económicas para América Latina y el Caribe  
260 |a México, D.F:   |b UNFIP. CEPAL. ONU  
300 |a 45O p  
710 |a UNFIP   |a CEPAL  
999 |c 14808  |d 14808